LEADER 02538nam 2200577Ia 450 001 9910783982803321 005 20230405234428.0 010 $a1-280-16845-5 010 $a0-203-97599-5 035 $a(CKB)1000000000252688 035 $a(EBL)238684 035 $a(OCoLC)475949007 035 $a(SSID)ssj0000223444 035 $a(PQKBManifestationID)11199080 035 $a(PQKBTitleCode)TC0000223444 035 $a(PQKBWorkID)10181843 035 $a(PQKB)10622352 035 $a(MiAaPQ)EBC238684 035 $a(Au-PeEL)EBL238684 035 $a(CaPaEBR)ebr10095786 035 $a(CaONFJC)MIL16845 035 $a(EXLCZ)991000000000252688 100 $a19920204h19921992 uy 0 101 0 $aeng 135 $aur|n|---||||| 181 $ctxt$2rdacontent 182 $cc$2rdamedia 183 $acr$2rdacarrier 200 10$aPolitical dissidence under Nero /$fVasily Rudich 210 $aLondon ;$aNew York $cRoutledge$d1992 210 4$aİ1992 215 $a1 online resource (xxxiv, 354 pages) 300 $aDescription based upon print version of record. 311 0 $a0-415-86541-7 311 0 $a0-415-06951-3 320 $aIncludes bibliographical references (p. 328-338) and indexes. 327 $aCover; POLITICAL DISSIDENCE UNDER NERO: The price of dissimulation; Copyright; CONTENTS; PREFACE; ACKNOWLEDGMENTS; INTRODUCTION: THE AGE OF DISSIMULATION; 1 THE YEARS OF EXPECTATION; I; II; III; IV; V; VI; 2 THE YEARS OF FRUSTRATION; I; II; III; IV; V; VI; VII; 3 THE YEARS OF ACTION; I; II; III; IV; V; VI; VII; VIII; IX; X; XI; 4 THE YEARS OF DECIMATION: I; I; II; III; IV; V; VI; 5 THE YEARS OF DECIMATION: II; I; II; III; IV; V; VI; 6 THE YEAR OF REVOLUTION; I; II; III; IV; CONCLUSION; NOTES; SELECT BIBLIOGRAPHY; INDEX OF NAMES; INDEX OF SUBJECTS 330 $aVasily Rudich examines dissidence under Nero from both historical and psychological perspectives and inquires into the balance of the universal and historically conditioned components of political behaviour. The careers of numerous dissident individuals and their attempts at accommodation to a hostile reality are discussed. 606 $aDissenters$zRome 607 $aRome$xPolitics and government$y30 B.C.-68 A.D 615 0$aDissenters 676 $a937.07 676 $a937/.07 700 $aRudich$b Vasily$f1949-$0498116 801 0$bMiAaPQ 801 1$bMiAaPQ 801 2$bMiAaPQ 906 $aBOOK 912 $a9910783982803321 996 $aPolitical dissidence under Nero$9757129 997 $aUNINA LEADER 03188oam 2200709I 450 001 9910797631603321 005 20190503073428.0 010 $a0-262-33013-X 010 $a0-262-33012-1 035 $a(CKB)3710000000485544 035 $a(EBL)4093109 035 $a(SSID)ssj0001554799 035 $a(PQKBManifestationID)16180584 035 $a(PQKBTitleCode)TC0001554799 035 $a(PQKBWorkID)14186902 035 $a(PQKB)10995395 035 $a(StDuBDS)EDZ0001375584 035 $a(MiAaPQ)EBC4093109 035 $a(OCoLC)923252493 035 $a(MdBmJHUP)muse47285 035 $a(OCoLC)923252493$z(OCoLC)951562680$z(OCoLC)970359297$z(OCoLC)976024259$z(OCoLC)980938533$z(OCoLC)1044351484$z(OCoLC)1053477393 035 $a(OCoLC-P)923252493 035 $a(MaCbMITP)8903 035 $a(Au-PeEL)EBL4093109 035 $a(CaPaEBR)ebr11119531 035 $a(CaONFJC)MIL839926 035 $a(EXLCZ)993710000000485544 100 $a20151009h20152015 uy 0 101 0 $aeng 135 $aur|n|---||||| 181 $ctxt 182 $cc 183 $acr 200 14$aThe brain's representational power $eon consciousness and the integration of modalities /$fCyriel M.A. Pennartz 210 1$aCambridge, Massachusetts ;$aLondon, England :$cThe MIT Press,$d[2015] 210 4$dİ2015 215 $a1 online resource (407 p.) 300 $aDescription based upon print version of record. 311 $a0-262-02931-6 320 $aIncludes bibliographical references and index. 327 $aIntroduction -- Building representations with neurons and spikes -- Peeling off our conscious lives -- What neural network models can and cannot explain about cognition -- Networks and the problem of panpsychism -- Structure and function of brain systems for conscious and non-conscious representation -- Same brain, different states : waking, sleeping and anesthesia -- Requirements for conscious representations -- Neural mechanisms for conscious representations -- Levels of representational organization -- Philosophical and future perspectives. 330 8 $aAlthough science has made considerable progress in discovering the neural basis of cognition, how consciousness arises remains elusive. In this book, Pennartz analyzes which aspects of conscious experience can be peeled away to access its core: the relationship between brain processes and the qualitative nature of consciousness. Pennartz traces the problem back to its historical foundations and connects early ideas to contemporary computational neuroscience. 606 $aNeural circuitry 606 $aNeurosciences 606 $aCognition 606 $aCognitive science 606 $aMemory 610 $aNEUROSCIENCE/General 610 $aCOGNITIVE SCIENCES/General 615 0$aNeural circuitry. 615 0$aNeurosciences. 615 0$aCognition. 615 0$aCognitive science. 615 0$aMemory. 676 $a612.8 700 $aPennartz$b Cyriel M. A.$f1963-$01558896 801 0$bOCoLC-P 801 1$bOCoLC-P 906 $aBOOK 912 $a9910797631603321 996 $aThe brain's representational power$93823710 997 $aUNINA LEADER 01046nam0-22003251--450 001 990008323670403321 005 20241014121427.0 035 $a000832367 035 $aFED01000832367 035 $a(Aleph)000832367FED01 100 $a20060509d1959----km-y0itay50------ba 101 0 $aita 102 $aIT 105 $ay---n---001yy 200 1 $aCodice minerario$eraccolta completa della legislazione vigente corredata di note illustrative e commentata articolo per articolo con la giurisprudenza e la bibliografia$fAlberto Montel 210 $aRoma$cJandi Sapi ed$d1959 215 $aXXIII, 1046 p.$d17 cm 225 1 $aManuali Jandi Sapi$iCollezione legislativa 610 0 $aMiniere$aLegislazione$aItalia$a1959 676 $a343.45077$v23$zita 702 1$aMontel,$bAlberto 710 02$aItalia$0423419 801 0$aIT$bUNINA$gREICAT$2UNIMARC 901 $aBK 912 $a990008323670403321 952 $aVI Z 17$b20$fDDA 952 $aDPR 2 83.1$b35149$fDEC 959 $aDDA 996 $aCodice minerario$9200056 997 $aUNINA